Accounts at a glance, Chhattisgarh (Record no. 513353)

000 -LEADER
fixed length control field 00514cam a22001457a 4500
008 - FIXED-LENGTH DATA ELEMENTS--GENERAL INFORMATION
fixed length control field 180718b-- xxu||||| |||| 00| 0 eng d
082 ## - DEWEY DECIMAL CLASSIFICATION NUMBER
Classification number L906x54221 G/2017-18
245 ## - TITLE STATEMENT
Title Accounts at a glance, Chhattisgarh
260 ## - PUBLICATION, DISTRIBUTION, ETC. (IMPRINT)
Place of publication, distribution, etc Raipur
Name of publisher, distributor, etc Accountant General
Date of publication, distribution, etc 2018
300 ## - PHYSICAL DESCRIPTION
Extent 43p.
500 ## - GENERAL NOTE
General note Library has 2005/06-2006/07 (Hindi), 2007/08 (Hindi), 2009/10-2010/11 (Hindi),2017/18.
650 ## - SUBJECT ADDED ENTRY--TOPICAL TERM
Topical term or geographic name as entry element Chhattisgarh - Appropriations and expenditures
9 (RLIN) 16059
700 ## - ADDED ENTRY--PERSONAL NAME
Personal name Chhattisgarh. Accountant General
9 (RLIN) 16060
942 ## - ADDED ENTRY ELEMENTS (KOHA)
Source of classification or shelving scheme

No items available.

Powered by Koha